郡内で最も人口が多い村 (2000年) - Statistics

General Stats
  • This quiz has been taken 23 times
  • The average score is 5 of 9
Answer Stats
都道府県 所属郡 村名 % Correct
千葉県 長生郡 長生村
95%
岩手県 岩手郡 滝沢村
84%
沖縄県 中頭郡 読谷村
63%
沖縄県 島尻郡 豊見城村
53%
高知県 安芸郡 芸西村
47%
群馬県 勢多郡 富士見村
37%
岐阜県 大野郡 丹生川村
32%
大分県 下毛郡 三光村
32%
新潟県 岩船郡 朝日村
26%
No matching quizzes found
Score Distribution
Percent of People with Each Score
Percentile by Number Answered
Your Score History
You have not taken this quiz